Derniers de Premier League - Statistiques

Statistiques générales
  • Ce quiz a été pris 72 fois
  • Le résultat moyen est 10 sur 21
Statistiques - réponses
Réponse % Correct
Leicester City
84%
Southampton
79%
Sunderland
71%
Wolverhampton
66%
Norwich
64%
West Ham
57%
Aston Villa
55%
Sheffield United
52%
Ipswich Town
48%
Queens Park Rangers
45%
Cardiff City
43%
Watford
41%
Crystal Palace
40%
West Bromwich Albion
38%
Derby County
36%
Nottingham Forest
31%
Portsmouth
31%
Huddersfield Town
29%
Bolton
26%
Bradford City
12%
Swindon Town
12%
Aucun quiz correspondant
Distribution des résultats
% des personnes avec chaque résultat
Percentile par nombre de réponses
Votre historique - résultats
Vous n’avez pas pris ce quiz